Postcode Areas of the East of England - Statistics

General Stats
  • This quiz has been taken 12 times
  • The average score is 12 of 18
Answer Stats
Answer % Correct
Cambridge
100%
Chelmsford
91%
Ipswich
91%
Luton
91%
Norwich
91%
Peterborough
91%
Colchester
82%
Southend
82%
St Albans
73%
Stevenage
73%
Watford
73%
Hemel Hempstead
64%
Milton Keynes
64%
Northampton
45%
Ilford
27%
Enfield
18%
Romford
18%
Harrow
9%
No matching quizzes found
Score Distribution
Percent of People with Each Score
Percentile by Number Answered
Your Score History
You have not taken this quiz